00676nam a2200229Ia 4500008004100000020001800041041000800059082001600067100002000083245006200103260003800165300000800203365001400211650001800225650002200243650001900265700001600284700001900300942001200319999001900331952009600350140306s9999 xx 000 0 und d a9788131509494 aeng a368bMAN/GE aManas, Tripathy aGeneral Insurance Business Operations and Decision Making aAustraliabCengage Learningc2009 a170 bRs. 200/- aFire Insurace aMedical Insurance aMotor Insurace aMishra, K C aSimita, Mishra 2ddccBK c187288d187288 00102ddc4070aKAUCBVbKAUCBVg200.00l0o368 MAN/GEr2014-03-22 00:00:00w2014-03-22yBK